000 00534nam a2200193Ia 4500
005 20250326142039.0
008 250326s9999 xx 000 0 und d
020 _a1 85185 003 1
037 _aTextbook
040 _aFMSL
_beng
_cFMSL
041 _aeng
_2eng
084 _aX:51 M6;2
_qFMSL
100 _aDoust P
245 0 _aMarketing behavioural Q & A aspects of marketing
_cDoust P
260 _aLondon
_bLondon, Ficial training
_c1986
300 _a124p
942 _cTB
_hX:51 M6;2
999 _c1293188
_d1293188